| 000 | 00373nam a2200145Ia 4500 | ||
|---|---|---|---|
| 008 | 230711s9999||||xx |||||||||||||| ||und|| | ||
| 041 | _aENG | ||
| 082 |
_a624 _bVI-F |
||
| 100 | _aVijaywargiya,U.S | ||
| 245 | 0 | _aFluid mechanics : including tube machines | |
| 250 | _a1st | ||
| 260 |
_c1993 _aNew Delhi _bS.K Kataria & Sons |
||
| 650 | _aMechanical Engineering | ||
| 942 | _cBK | ||
| 999 |
_c2677 _d2677 |
||